「さ」から始まる市区町村 - Statistics

General Stats
  • This quiz has been taken 433 times
  • The average score is 43 of 60
Answer Stats
都道府県 % Correct
さいたま市 埼玉県
94%
佐賀市 佐賀県
93%
堺市 大阪府
91%
佐倉市 千葉県
90%
佐世保市 長崎県
89%
佐野市 栃木県
89%
佐久市 長野県
87%
坂井市 福井県
85%
酒田市 山形県
85%
相模原市 神奈川県
85%
三戸町 青森県 三戸郡
84%
佐伯市 大分県
83%
西条市 愛媛県
83%
境港市 鳥取県
83%
さくら市 栃木県
83%
薩摩川内市 鹿児島県
82%
さぬき市 香川県
82%
鯖江市 福井県
82%
三条市 新潟県
82%
佐渡市 新潟県
81%
坂出市 香川県
79%
様似町 北海道 様似郡
79%
札幌市 北海道
78%
三田市 兵庫県
78%
桜井市 奈良県
77%
佐用町 兵庫県 佐用郡
77%
山陽小野田市 山口県
77%
座間市 神奈川県
76%
西海市 長崎県
74%
寒河江市 山形県
74%
狭山市 埼玉県
74%
西都市 宮崎県
73%
さつま町 鹿児島県 薩摩郡
72%
寒川町 神奈川県 高座郡
71%
猿払村 北海道 宗谷郡
70%
坂戸市 埼玉県
68%
桜川市 茨城県
67%
山武市 千葉県
67%
佐呂間町 北海道 常呂郡
66%
幸手市 埼玉県
65%
境町 茨城県 猿島郡
64%
坂町 広島県 安芸郡
64%
佐々町 長崎県 北松浦郡
62%
佐井村 青森県 下北郡
60%
栄町 千葉県 印旛郡
58%
栄村 長野県 下水内郡
57%
佐久穂町 長野県 南佐久郡
56%
坂祝町 岐阜県 加茂郡
55%
座間味村 沖縄県 島尻郡
55%
坂城町 長野県 埴科郡
54%
鮭川村 山形県 最上郡
54%
佐那河内村 徳島県 名東郡
53%
鮫川村 福島県 東白川郡
53%
佐川町 高知県 高岡郡
52%
里庄町 岡山県 浅口郡
52%
更別村 北海道 河西郡
52%
三郷町 奈良県 生駒郡
49%
蔵王町 宮城県 刈田郡
44%
篠栗町 福岡県 糟屋郡
44%
相良村 熊本県 球磨郡
43%
No matching quizzes found
Score Distribution
Percent of People with Each Score
Percentile by Number Answered
Your Score History
You have not taken this quiz